000 00854nam a2200253 a 4500
001 917
003 BR-CuiBMT
005 20231122235026.0
008 231122s2006 spba 001 0 por d
020 _a8502056026
040 _aBR-CuiBMT
_cBR-CuiBMT
080 _22007
_a658.31.084.3
090 _a658.31.084.3
_bF363c
100 1 _aFernandes, Bruno Henrique Rocha
245 1 0 _aCompetências e desempenho organizacional :
_bo que há além do Balanced Scorecard /
_cBruno Henrique Rocha Fernandes.
260 _aSão Paulo :
_bSaraiva,
_c2006.
300 _a144 p. :
_bil. ;
_c24 cm
504 _aInclui bibliografia e índice.
650 _aAvaliação de desempenho
650 _aAdministração de pessoal
_xAvaliação de desempenho
650 _aPlanejamento estratégico
650 _aProdutividade industrial
_xMedição
942 _2udc
_cLV
999 _c917
_d917